000 00493nam a2200205Ia 4500
003 OSt
005 20230411133908.0
008 210423s2010 xx 000 0 und d
020 _a9788174468475
040 _cAL
041 _aeng
082 _a658.1503 THOS
100 _aTHOMAS (Sheetal).
_986128
245 _aDictionary of finance.
260 _aNew Delhi
_bExcel Books
_c2010
300 _aix,437
_bPB
365 _b300
_cINR
906 _aDictionary ; finance.
942 _2ddc
_cBK
999 _c158465
_d158465